O multimédiách na trhu práce

Projekty na podporu propagácie slovenských podnikov v zahraničí. Projekt SVIS (samoobslužný multimediálny informačný systém) s cieľom prezentovať slovenské podnikateľské aktivity. Budovanie automatizovaného informačného systému orientovaného na trh práce. Využitie multimédií v oblasti trhu práce.

Na minha lista:
Detalhes bibliográficos
Autor principal: Mlejová, H.
Formato: Capítulo de Livro
Idioma:eslovaco
Assuntos:
Tags: Adicionar Tag
Sem tags, seja o primeiro a adicionar uma tag!

MARC

LEADER 00000naa a2200000 4500
001 r015775
005 20221213113854.7
041 0 |a slo 
044 |a SK 
245 1 0 |a O multimédiách na trhu práce  |c H. Mlejová 
520 |a Projekty na podporu propagácie slovenských podnikov v zahraničí. Projekt SVIS (samoobslužný multimediálny informačný systém) s cieľom prezentovať slovenské podnikateľské aktivity. Budovanie automatizovaného informačného systému orientovaného na trh práce. Využitie multimédií v oblasti trhu práce. 
610 2 0 |a technológie informačné 
610 2 0 |a systémy informačné 
610 2 0 |a SVIS 
610 2 0 |a médiá 
610 2 0 |a trh práce 
100 1 |a Mlejová, H.